| 000 | 00589 a2200133 4500 | ||
|---|---|---|---|
| 082 | _aMS-IT-9 | ||
| 100 |
_aFarhan Sabir Ujager _9100201 |
||
| 245 |
_aMinimizing wavelength contention & improving packet level performance of time sliced optical burst switching (TS-OBS) network _cFarhan Sabir Ujager |
||
| 260 |
_aIslamabad _bNUST-SEECS _c2012 |
||
| 300 |
_a58p. _b;ill. _c;27cm.+ _eCD ROM |
||
| 500 | _aSupervisors: Dr. S. M. H. Zaidi, Mr. Muhammad Ramzan, Dr. Usman Younas, Dr. Tauseef Tauqeer | ||
| 856 | _uhttp://10.250.8.41:8080/xmlui/handle/123456789/10084 | ||
| 942 |
_cPR _kMS-IT-9 FAR _2ddc |
||
| 999 |
_c11330 _d11330 |
||